000 00515nam a22001697a 4500
003 OSt
005 20251203165120.0
008 251203b |||||||| |||| 00| 0 eng d
040 _aDWCL-Main lib.
_cOC
082 _22000 ed.
_aFil. 657 B188b 2000
100 _aBallada, Win Lu
245 _aBasic accounting made easy/
_cWin Lu Ballada
250 _a2000 ed.
260 _aManila :
_bDomdane Pub./Made Easy Books,
_cc2000.
300 _axviii, 386 p. ;
_c25 cm.
942 _2ddc
_cBK - FIL
_e2000 ed.
_hCirc.
_n0
999 _c6783
_d6783